00623nam a22001937a 4500003000900000008004100009020001800050040007100068082002600139100001500165245004800180260003600228300003700264440003400301500003400335650003500369650001200404650001300416AR-CdUCM190409b ||||| |||| 00| 0 spa d a9786124436253 aMUNICIPALIDAD PROVINCIAL DEL CUSCOcBIBLIOTECA MUNICIPAL DEL CUSCO a869.56/A4754DbA4754D aAlva, Mari aDos lagartijas que se peleaban /cMari Alva aLima :bLluvia Editores,c2020. a239 páginas. :bmapa ;c21 cm. aReminiscencias. Floresta ;n1 zBibliografía: página 239. aCrónicas literarias peruanas aDiarios aSiglo XX